Contabilidad de costes y de gestión
Uloženo v:
| Hlavní autor: | |
|---|---|
| Médium: | Kniha |
| Jazyk: | španělština |
| Vydáno: |
Madrid
Pirámide
1988
|
| Edice: | Economía y Administración de Empresas
|
| Témata: | |
| Tagy: |
Přidat tag
Žádné tagy, Buďte první, kdo vytvoří štítek k tomuto záznamu!
|
MARC
| LEADER | 00000nam a2200000 a 4500 | ||
|---|---|---|---|
| 001 | UCW2776 | ||
| 003 | CL-VaPUC | ||
| 008 | 900801e19880000SP |||||||||||||||||spa|d | ||
| 082 | 0 | 4 | |a 657.4 |b MAL |2 21 |
| 100 | |a Mallo, Carlos |e autor |9 450717 | ||
| 245 | 1 | 0 | |a Contabilidad de costes y de gestión |
| 300 | |a 775 p | ||
| 942 | |c BK | ||
| 945 | |d 19900801 00:00:00 | ||
| 260 | |a Madrid |b Pirámide |c 1988 | ||
| 650 | 7 | |a CONTABILIDAD DE COSTO PROBLEMAS, EJERCICIOS, ETC |2 CL-VaPUC |9 307064 | |
| 583 | |a last modification |c 19900801 00:00:00 |k Rodrigo Vera | ||
| 490 | 0 | |a Economía y Administración de Empresas | |
| 999 | |c 217225 |d 217223 | ||
| 952 | |0 0 |1 0 |4 0 |6 657_400000000000000_MAL_1988 |7 0 |8 A |9 204237 |a BIBGIM |b BIBGIM |d 2019-11-15 |i 2714574 |o 657.4 MAL 1988 |p 2714574 |r 2025-01-15 |w 2019-11-15 |y BK |k COM | ||